000 00250nam a2200109Ia 4500
008 220204s9999 xx 000 0 und d
082 _a82-3
_bLAM
100 _aLamour, Louis
245 0 _aSackett's land
260 _aLondon
_bCorgi
_c1979
942 _cBK
999 _c35191
_d35191